Name Each Captain of Each Team in the 24/25 Premier League Season - Statistics

General Stats
  • This quiz has been taken 28 times
  • The average score is 8 of 20
Answer Stats
Team Captain % Correct
Arsenal Martin Odegaard
96%
Manchester United Bruno Fernandes
83%
Liverpool Virgil Van Dijk
83%
Tottenham Hotspur Son Heung‑min
79%
Aston Villa John McGinn
67%
Chelsea Reece James
58%
Leicester City Jamie Vardy
50%
Newcastle United Bruno Guimarães
46%
West Ham United Jarrod Bowen
42%
Manchester City Kyle Walker
42%
Brighton Lewis Dunk
33%
Brentford Christian Norgaard
29%
Fulham Tom Cairney
29%
Crystal Palace Joel Ward
21%
Wolverhampton Wanderers Nelson Semedo
17%
Nottingham Forest Ryan Yates
17%
Everton Seamus Coleman
17%
Ipswich Town Sam Morsy
13%
Bournemouth Neto
4%
Southampton Jack Stephens
0%
No matching quizzes found
Score Distribution
Percent of People with Each Score
Percentile by Number Answered
Your Score History
You have not taken this quiz